| 000 | 00372 a2200109 4500 | ||
|---|---|---|---|
| 001 | ART_62891 | ||
| 005 | 20260410161813.0 | ||
| 008 | 260409a | ||
| 245 | 1 | 0 | _aRégimen especial de fondos de cese laboral argentino ante crisis empresariales |
| 100 | 1 | _aDasso, Ariel G. | |
| 773 | 0 |
_tDoctrina Societaria y Concursal _g- Nº 443 (jun./jul. 2025) _wREV4298 |
|
| 999 |
_c21667 _d21667 |
||